California - Joni Mitchell Lyrics - Statistics

General Stats
  • This quiz has been taken 14 times
  • The average score is 226 of 319
Answer Stats
Lyric % Correct
a
100%
California
100%
coming
100%
home
100%
I
100%
i'm
100%
I'm
100%
'n'
100%
to
100%
and
88%
bad
88%
but
88%
chance
88%
cold
88%
dream
88%
give
88%
had
88%
he
88%
in
88%
it
88%
it's
88%
its
88%
just
88%
kiss
88%
looks
88%
lot
88%
me
88%
my
88%
news
88%
of
88%
oh
88%
on
88%
peace
88%
pig
88%
see
88%
Sitting
88%
so
88%
some
88%
sunset
88%
sure
88%
the
88%
they
88%
too
88%
us
88%
was
88%
who
88%
won't
88%
back
75%
did
75%
dig
75%
folks
75%
France
75%
gave
75%
going
75%
here
75%
met
75%
old
75%
Paris
75%
park
75%
read
75%
reading
75%
settled
75%
stay
75%
still
75%
very
75%
ways
75%
well
75%
when
75%
you
75%
all
63%
camera
63%
can
63%
cried
63%
dance
63%
even
63%
for
63%
goat
63%
heart
63%
out
63%
red
63%
redneck
63%
smile
63%
about
50%
are
50%
as
50%
full
50%
Grecian
50%
him
50%
I'll
50%
isle
50%
kept
50%
might
50%
roll
50%
sell
50%
stayed
50%
strangers
50%
streets
50%
take
50%
that
50%
there
50%
war
50%
will
50%
with
50%
your
50%
am
38%
around?"
38%
band
38%
biggest
38%
blues
38%
changes
38%
fan
38%
gets
38%
gives
38%
good
38%
have
38%
lands
38%
lonely
38%
man
38%
maybe
38%
people
38%
plane
38%
road
38%
rock
38%
rogue
38%
rolling
38%
Spain
38%
stews
38%
stone
38%
then
38%
ticket
38%
vogue
38%
walking
38%
want
38%
wouldn't
38%
you're
38%
another
25%
bloody
25%
bought
25%
brown
25%
cooked
25%
down
25%
feel
25%
"How
25%
long
25%
lots
25%
make
25%
more
25%
omelettes
25%
pretty
25%
said
25%
skin
25%
strung
25%
turns
25%
two
25%
until
25%
week
25%
were
25%
caught
13%
dirt
13%
hang
13%
party
13%
went
13%
No matching quizzes found
Score Distribution
Percent of People with Each Score
Percentile by Number Answered
Your Score History
You have not taken this quiz